[Event "Ricany op-A"]
[Site "Ricany"]
[Date "2018.08.25"]
[Round "1"]
[White "Barton, Milan"]
[Black "Rut, Vojtech"]
[Result "0-1"]
[WhiteElo "1790"]
[BlackElo "2123"]
[PlyCount "44"]
[EventDate "2018.08.25"]
[EventType "swiss"]
[EventRounds "9"]
[EventCountry "CZE"]
[SourceTitle "EXT 2019"]
[Source "ChessBase"]
[SourceDate "2018.10.10"]
[SourceVersion "1"]
[SourceVersionDate "2018.10.10"]
[SourceQuality "1"]

1. e4 c5 2. Nf3 Nc6 3. d4 cxd4 4. Nxd4 Nf6 5. f3 e6 6. Nc3 Qb6 7. Nb3 Bb4 8. Bd2 0-0 9. a3 Be7 10. Na4 Qc7 11. Be3 d5 12. Bd3 Ne5 13. Rc1 dxe4 14. fxe4 Nfg4 15. Qe2 Nxh2 16. Qh5 Neg4 17. Bg1 Qg3+ 18. Kd1 Qxg2 19. Rxh2 Qxg1+ 20. Ke2 Qxh2+ 21. Qxh2 Nxh2 22. Rh1 Ng4 0-1

[Event "Prague Golden op 13th"]
[Site "Prague"]
[Date "2017.07.02"]
[Round "2"]
[White "Pokorny, Jiri"]
[Black "Barton, Milan"]
[Result "1-0"]
[WhiteElo "1905"]
[BlackElo "1823"]
[PlyCount "43"]
[EventDate "2017.07.01"]
[EventType "swiss"]
[EventRounds "9"]
[EventCountry "CZE"]
[SourceTitle "CBM 179 Extra"]
[Source "ChessBase"]
[SourceDate "2017.08.23"]
[SourceVersion "1"]
[SourceVersionDate "2017.08.23"]
[SourceQuality "1"]

1. e4 d5 2. exd5 Qxd5 3. d4 e6 4. c4 Qd8 5. Nf3 Nf6 6. Nc3 Be7 7. Bd3 0-0 8. 0-0 Re8 9. Re1 b6 10. Bf4 Bd6 11. Bg5 h6 12. Bh4 Bb7 13. Rc1 Nbd7 14. Rc2 g5 15. Bg3 Bxg3 16. fxg3 Kg7 17. h4 g4 18. Ne5 h5 19. Rf2 Nf8 20. Qd2 Qxd4 21. Qg5+ Ng6 22. Qxf6+ 1-0

[Event "Ricany op"]
[Site "Ricany"]
[Date "2015.08.28"]
[Round "8"]
[White "Kovar, Jan2222"]
[Black "Barton, Milan"]
[Result "1-0"]
[WhiteElo "1930"]
[BlackElo "1750"]
[PlyCount "57"]
[EventDate "2015.08.22"]
[EventType "swiss"]
[EventRounds "9"]
[EventCountry "CZE"]
[SourceTitle "EXT 2023"]
[Source "ChessBase"]
[SourceDate "2022.10.05"]
[SourceVersion "1"]
[SourceVersionDate "2022.10.05"]
[SourceQuality "1"]

1. e4 e5 2. Nf3 Nf6 3. Nc3 Nc6 4. Bb5 Bc5 5. 0-0 d6 6. d4 exd4 7. Nxd4 Bd7 8. Nf5 0-0 9. Bg5 Be6 10. Nd5 Bxd5 11. exd5 Ne5 12. h3 h6 13. Bh4 a6 14. Bd3 Ng6 15. Bg3 Qd7 16. Qf3 Rfe8 17. Nxh6+ gxh6 18. Qxf6 Qe7 19. Qc3 Qg5 20. Rae1 Qxd5 21. Bc4 Qg5 22. Kh1 b5 23. Be2 b4 24. Qd3 Qf6 25. Bf3 Rxe1 26. Rxe1 Ra7 27. Bd5 Qxb2 28. Qxg6+ Qg7 29. Re8# 1-0